[Event "1. Bundesliga 2010/2011"]
[Site "St. Veit/Glan"]
[Date "2011.03.03"]
[Round "8"]
[Board "1"]
[White "Volokitin, Andrei"]
[Black "Antoniewski, Rafal"]
[Result "1-0"]
[WhiteElo "2677"]
[BlackElo "2604"]
[PlyCount "113"]
[EventDate "2010.11.19"]
[EventType "team"]
[EventRounds "11"]
[EventCountry "AUT"]
[WhiteTeam "SK Sparkasse Jenbach"]
[BlackTeam "ASVOE Wulkaprodersdorf"]

1.e4 c5 2.Nf3 e6 3.d4 cxd4 4.Nxd4 Nc6 5.Nc3 Qc7 6.Be3 a6 7.Qd2 Nf6 8.O-O-O Bb4
9.f3 Ne5 10.Nb3 b5 11.Qe1 Rb8 12.Qg3 O-O 13.Bd4 Bd6 14.f4 Nh5 15.fxe5 Nxg3
16.exd6 Qxd6 17.hxg3 Qxg3 18.Bc5 Re8 19.Bd6 Qg5+ 20.Kb1 Rb6 21.e5 Rxd6 22.exd6
Bb7 23.a4 bxa4 24.Nxa4 Bxg2 25.Rg1 Qh4 26.Rxg2 Qxa4 27.Nc5 Qf4 28.Nxd7 Rd8 29.c4
Rxd7 30.c5 g6 31.Rc2 Qf3 32.Rdc1 Qd5 33.c6 Qxd6 34.cxd7 Qxd7 35.Bxa6 h5 36.b4
Qd6 37.b5 Qd3 38.Ka2 Qe3 39.Rc6 Qd3 40.R1c4 Qd5 41.Ka3 Kg7 42.b6 Qd3+ 43.Ka4
Qd1+ 44.Ka5 Qd2+ 45.Kb5 Qb2+ 46.Rb4 Qe5+ 47.Rc5 Qe2+ 48.Rbc4 h4 49.b7 Qb2+
50.Rb4 Qh2 51.Ka5 Qd6 52.Rc8 Qd5+ 53.Rb5 Qd2+ 54.Kb6 Qd6+ 55.Ka7 Qd7 56.Rbc5 h3
57.R8c7

[Event "1. Bundesliga 2010/2011"]
[Site "St. Veit/Glan"]
[Date "2011.03.03"]
[Round "8"]
[Board "2"]
[White "Kraemer, Martin"]
[Black "Gyimesi, Zoltan"]
[Result "0-1"]
[WhiteElo "2506"]
[BlackElo "2601"]
[PlyCount "66"]
[EventDate "2010.11.19"]
[EventType "team"]
[EventRounds "11"]
[EventCountry "AUT"]
[WhiteTeam "ASVOE Wulkaprodersdorf"]
[BlackTeam "SK Sparkasse Jenbach"]

1.d4 Nf6 2.c4 e6 3.g3 Bb4+ 4.Bd2 Be7 5.Bg2 d5 6.Nf3 O-O 7.O-O c6 8.Bf4 Nbd7
9.Qc2 b6 10.Rd1 Bb7 11.Nc3 dxc4 12.Nd2 Nd5 13.Nxc4 Nxf4 14.gxf4 Nf6 15.e3 Nd5
16.Rac1 Rc8 17.Ne4 Kh8 18.a3 Rc7 19.b4 f5 20.Nc3 g5 21.Ne5 gxf4 22.Nxd5 exd5
23.exf4 Bd6 24.Kh1 Qf6 25.Qe2 Rg8 26.Rc3 c5 27.bxc5 bxc5 28.dxc5 Rxg2 29.Kxg2
d4+ 30.Kf1 Bxe5 31.fxe5 Qc6 32.Rg3 Qh1+ 33.Rg1 Bc6

[Event "1. Bundesliga 2010/2011"]
[Site "St. Veit/Glan"]
[Date "2011.03.03"]
[Round "8"]
[Board "3"]
[White "Schlosser, Philipp"]
[Black "Polzin, Rainer"]
[Result "1-0"]
[WhiteElo "2568"]
[BlackElo "2494"]
[PlyCount "67"]
[EventDate "2010.11.19"]
[EventType "team"]
[EventRounds "11"]
[EventCountry "AUT"]
[WhiteTeam "SK Sparkasse Jenbach"]
[BlackTeam "ASVOE Wulkaprodersdorf"]

1.d4 Nf6 2.c4 g6 3.Nc3 Bg7 4.e4 d6 5.Nge2 Nbd7 6.g3 c5 7.Bg2 O-O 8.O-O cxd4
9.Nxd4 a6 10.h3 Nc5 11.Be3 Bd7 12.Rc1 Rc8 13.Qd2 Ne6 14.Nxe6 Bxe6 15.b3 Re8
16.f4 Qa5 17.Qf2 b5 18.f5 Bd7 19.fxg6 fxg6 20.e5 dxe5 21.c5 Rf8 22.Qb2 e4 23.b4
Qc7 24.Bf4 Qb7 25.Be5 Bc6 26.Rce1 Qd7 27.g4 Qe6 28.Nxe4 Bxe4 29.Bxe4 Rf7 30.Bg2
Qc4 31.Rf4 Qe6 32.Bc3 Qd7 33.Qb3 e5 34.Rxe5

[Event "1. Bundesliga 2010/2011"]
[Site "St. Veit/Glan"]
[Date "2011.03.03"]
[Round "8"]
[Board "4"]
[White "Schneider, Ilja"]
[Black "Acs, Peter"]
[Result "1/2-1/2"]
[WhiteElo "2511"]
[BlackElo "2601"]
[PlyCount "64"]
[EventDate "2010.11.19"]
[EventType "team"]
[EventRounds "11"]
[EventCountry "AUT"]
[WhiteTeam "ASVOE Wulkaprodersdorf"]
[BlackTeam "SK Sparkasse Jenbach"]

1.d4 Nf6 2.c4 e6 3.g3 d5 4.Nf3 dxc4 5.Bg2 a6 6.Ne5 c5 7.Be3 Nd5 8.dxc5 Nd7
9.Nxc4 Nxe3 10.Nxe3 Bxc5 11.Nc3 O-O 12.O-O Rb8 13.Ne4 Bxe3 14.fxe3 b6 15.Nd6 Qe7
16.Qd4 Nf6 17.Qe5 Ng4 18.Qf4 Bd7 19.Rad1 e5 20.Qe4 Nf6 21.Qh4 Be6 22.Ne4 Nd5
23.Ng5 h6 24.Nxe6 Qxh4 25.gxh4 fxe6 26.Bxd5 exd5 27.Rxd5 Rbc8 28.Rxf8+ Kxf8
29.Rd6 Rc2 30.Rxb6 Rxe2 31.Rb3 Kf7 32.a4 Kf6

[Event "1. Bundesliga 2010/2011"]
[Site "St. Veit/Glan"]
[Date "2011.03.03"]
[Round "8"]
[Board "5"]
[White "Boensch, Uwe"]
[Black "Thiede, Lars"]
[Result "0-1"]
[WhiteElo "2520"]
[BlackElo "2445"]
[PlyCount "116"]
[EventDate "2010.11.19"]
[EventType "team"]
[EventRounds "11"]
[EventCountry "AUT"]
[WhiteTeam "SK Sparkasse Jenbach"]
[BlackTeam "ASVOE Wulkaprodersdorf"]

1.d4 Nf6 2.c4 g6 3.f3 Bg7 4.e4 O-O 5.Bg5 c5 6.dxc5 Na6 7.Nc3 Nxc5 8.Qd2 d6
9.Nge2 a6 10.Nd4 Ne6 11.Be3 Nxd4 12.Bxd4 Be6 13.Be2 Qa5 14.Rd1 Rfc8 15.Nd5 Qxd2+
16.Rxd2 Nxd5 17.exd5 Bd7 18.Kf2 b5 19.Rc1 bxc4 20.Rxc4 Rxc4 21.Bxc4 Bxd4+
22.Rxd4 a5 23.Ke3 Rb8 24.Rd2 Kg7 25.Kd4 e5+ 26.dxe6 fxe6 27.f4 Kf6 28.Ke3 d5
29.Bd3 h6 30.Rc2 g5 31.g3 Rb4 32.b3 a4 33.Rb2 gxf4+ 34.gxf4 e5 35.fxe5+ Kxe5
36.Kd2 Kd4 37.Rb1 axb3 38.Rxb3 Ra4 39.Bb1 Ke5 40.Re3+ Kd6 41.Rf3 Rh4 42.Rf2 Kc5
43.Bd3 Kb4 44.Bc2 Bb5 45.Bf5 Bc4 46.Bb1 d4 47.Kc1 Rh3 48.Kb2 Bd5 49.Bc2 Ra3
50.Bb1 Re3 51.Rd2 Kc5 52.Bc2 Bf3 53.Rd3 Be4 54.Rd2 d3 55.Bd1 Kd4 56.a4 Bg6
57.Rg2 Re6 58.Bb3 Re2+

[Event "1. Bundesliga 2010/2011"]
[Site "St. Veit/Glan"]
[Date "2011.03.03"]
[Round "8"]
[Board "6"]
[White "Volkmann, Friedrich Karl"]
[Black "Lehner, Oliver"]
[Result "0-1"]
[WhiteElo "2409"]
[BlackElo "2431"]
[PlyCount "106"]
[EventDate "2010.11.19"]
[EventType "team"]
[EventRounds "11"]
[EventCountry "AUT"]
[WhiteTeam "ASVOE Wulkaprodersdorf"]
[BlackTeam "SK Sparkasse Jenbach"]

1.d4 Nf6 2.Bg5 e6 3.Nc3 d5 4.e4 dxe4 5.Nxe4 Be7 6.Bxf6 gxf6 7.Nf3 f5 8.Nc3 a6
9.g3 b5 10.Bg2 Bb7 11.O-O O-O 12.Qe2 Qe8 13.Rfe1 b4 14.Nb1 c5 15.dxc5 Nd7 16.Qd2
Nxc5 17.Qxb4 Rb8 18.Qf4 Bxf3 19.Bxf3 Rxb2 20.Na3 Qa4 21.Qc7 Qd7 22.Qe5 Rb4
23.Rad1 Qc8 24.c3 Ra4 25.Nc2 Qb8 26.Qxb8 Rxb8 27.Nb4 Bf6 28.Re3 a5 29.Nd3 Nxd3
30.Rexd3 Rxa2 31.c4 Be7 32.Rd7 Bc5 33.Bh5 Rxf2 34.Bxf7+ Kf8 35.Bh5 Rd2+ 36.Kf1
Rxh2 37.Rxh7 Kg8 38.Rh6 Rh1+ 39.Kg2 Rxd1 40.Bxd1 Rb2+ 41.Kf1 Kf7 42.g4 Rd2
43.Bb3 fxg4 44.Rh5 Rf2+ 45.Ke1 Rf5 46.Rh7+ Kf6 47.Bc2 g3 48.Rh6+ Kg7 49.Bxf5
Kxh6 50.Be4 Kg5 51.Kf1 a4 52.Kg2 a3 53.Bb1 Kf4

[Event "1. Bundesliga 2010/2011"]
[Site "St. Veit/Glan"]
[Date "2011.03.03"]
[Round "8"]
[Board "1"]
[White "Bosiocic, Marin"]
[Black "Ragger, Markus"]
[Result "0-1"]
[WhiteElo "2561"]
[BlackElo "2614"]
[PlyCount "64"]
[EventDate "2010.11.19"]
[EventType "team"]
[EventRounds "11"]
[EventCountry "AUT"]
[WhiteTeam "ASVOE Signum Siebdruck St.Veit"]
[BlackTeam "SK MPOE Maria Saal"]

1.d4 d5 2.c4 c6 3.cxd5 cxd5 4.Nc3 Nf6 5.Bf4 Nc6 6.e3 Bf5 7.Nf3 e6 8.Qb3 Bb4
9.Ne5 Qb6 10.Nxc6 bxc6 11.Be2 Ne4 12.f3 Nxc3 13.bxc3 Be7 14.O-O O-O 15.c4 c5
16.cxd5 Qxb3 17.axb3 exd5 18.dxc5 Bxc5 19.Ra5 Bb6 20.Rxd5 Be6 21.Rd3 Rac8 22.Ra1
Bf5 23.Rd5 Be6 24.Rd3 Bf5 25.Rd6 Be6 26.b4 h6 27.h4 Rc3 28.Kf2 Rc2 29.Rad1 Rb2
30.b5 Re8 31.Be5 Rxe2+ 32.Kxe2 Bc4+

[Event "1. Bundesliga 2010/2011"]
[Site "St. Veit/Glan"]
[Date "2011.03.03"]
[Round "8"]
[Board "2"]
[White "Pavasovic, Dusko"]
[Black "Ribli, Zoltan"]
[Result "0-1"]
[WhiteElo "2578"]
[BlackElo "2577"]
[PlyCount "92"]
[EventDate "2010.11.19"]
[EventType "team"]
[EventRounds "11"]
[EventCountry "AUT"]
[WhiteTeam "SK MPOE Maria Saal"]
[BlackTeam "ASVOE Signum Siebdruck St.Veit"]

1.e4 c5 2.c3 d5 3.exd5 Qxd5 4.d4 Nf6 5.Nf3 e6 6.Be3 cxd4 7.cxd4 Bb4+ 8.Nc3 Bd7
9.Be2 Bb5 10.O-O Bxc3 11.bxc3 Nbd7 12.Bxb5 Qxb5 13.Rb1 Qc6 14.Qb3 O-O 15.Qxb7
Qxc3 16.Qa6 Qc8 17.Qa3 Nb6 18.Bg5 Nfd5 19.Rfc1 Qb7 20.Rc5 Rfe8 21.Qd3 f6 22.Bd2
Qd7 23.Rbc1 Nc8 24.Qa6 Rb8 25.Ba5 Nd6 26.Bc7 Nxc7 27.Rxc7 Rec8 28.R7c5 Rd8 29.h3
Rb6 30.Qa5 Ne8 31.R5c4 Rdb8 32.Nd2 Rb5 33.Qa3 h6 34.Nb3 Rg5 35.Qa6 Qd5 36.g3 Kh7
37.Rc6 Qf5 38.h4 Rg4 39.Qe2 Re4 40.Qc2 Rb5 41.Rc3 Qg6 42.Kg2 f5 43.Rc8 Nd6
44.Rd8 Rd5 45.Rd1 f4 46.Nc5 f3+

[Event "1. Bundesliga 2010/2011"]
[Site "St. Veit/Glan"]
[Date "2011.03.03"]
[Round "8"]
[Board "3"]
[White "Rogic, Davor"]
[Black "Buhmann, Rainer"]
[Result "1/2-1/2"]
[WhiteElo "2602"]
[BlackElo "2590"]
[PlyCount "116"]
[EventDate "2010.11.19"]
[EventType "team"]
[EventRounds "11"]
[EventCountry "AUT"]
[WhiteTeam "ASVOE Signum Siebdruck St.Veit"]
[BlackTeam "SK MPOE Maria Saal"]

1.e4 e5 2.Nf3 Nc6 3.Bb5 Nf6 4.d3 Bc5 5.c3 O-O 6.Bg5 h6 7.Bh4 Be7 8.h3 d6 9.g4
Bd7 10.Ba4 Rb8 11.Nbd2 b5 12.Bc2 Re8 13.Nf1 d5 14.Ne3 d4 15.Nf5 Bxf5 16.gxf5 Nh5
17.Bxe7 Qxe7 18.cxd4 Qb4+ 19.Qd2 Nxd4 20.Nxd4 Qxd4 21.O-O-O Nf4 22.Rhg1 Rb6
23.Rg3 g6 24.Kb1 Kg7 25.Rdg1 c5 26.Qa5 Re7 27.Re3 Rd7 28.Rd1 Rbd6 29.Bb3 Qb4
30.Qxb4 cxb4 31.fxg6 fxg6 32.Bd5 Nxd5 33.exd5 Rxd5 34.Kc2 Rc7+ 35.Kd2 Rdc5
36.Ke2 Rc2+ 37.Rd2 Kf6 38.Re4 a5 39.f4 Rxd2+ 40.Kxd2 Rc5 41.fxe5+ Rxe5 42.Rd4
Rg5 43.Rd6+ Ke5 44.Rb6 Kd4 45.Rd6+ Kc5 46.Re6 Kd5 47.Rb6 Rg2+ 48.Ke3 Kc5 49.Ra6
a4 50.d4+ Kd5 51.Rb6 Rg3+ 52.Kf4 Rxh3 53.Rxb5+ Kc4 54.Ra5 Rh4+ 55.Ke3 Rh3+
56.Ke4 Rh4+ 57.Ke3 Rh3+ 58.Ke4 Rh4+

[Event "1. Bundesliga 2010/2011"]
[Site "St. Veit/Glan"]
[Date "2011.03.03"]
[Round "8"]
[Board "4"]
[White "Kreisl, Robert"]
[Black "Hoelzl, Franz"]
[Result "1-0"]
[WhiteElo "2394"]
[BlackElo "2336"]
[PlyCount "81"]
[EventDate "2010.11.19"]
[EventType "team"]
[EventRounds "11"]
[EventCountry "AUT"]
[WhiteTeam "SK MPOE Maria Saal"]
[BlackTeam "ASVOE Signum Siebdruck St.Veit"]

1.c4 g6 2.Nc3 Bg7 3.g3 e5 4.e4 d6 5.Bg2 Nc6 6.Nge2 h5 7.h4 Nd4 8.Nxd4 exd4 9.Ne2
Nf6 10.d3 Nd7 11.Bg5 Bf6 12.Nxd4 Bxg5 13.hxg5 Qxg5 14.Nb5 Qd8 15.d4 O-O 16.Qd2
Nf6 17.O-O-O Re8 18.e5 a6 19.Nxd6 cxd6 20.exf6 Qxf6 21.Rde1 Rd8 22.Bd5 Ra7
23.Qh6 Qg7 24.Qg5 Rf8 25.Re7 Bf5 26.Qe3 a5 27.Re1 Qf6 28.Rxb7 Rxb7 29.Bxb7 a4
30.Bd5 Kg7 31.f3 a3 32.Qxa3 Qxd4 33.Qe3 Qf6 34.Rd1 g5 35.Qd4 h4 36.gxh4 gxh4
37.Rg1+ Bg6 38.Qxf6+ Kxf6 39.a4 Re8 40.Kd2 h3 41.a5

[Event "1. Bundesliga 2010/2011"]
[Site "St. Veit/Glan"]
[Date "2011.03.03"]
[Round "8"]
[Board "5"]
[White "Hebesberger, Thomas"]
[Black "Halvax, Georg"]
[Result "0-1"]
[WhiteElo "2336"]
[BlackElo "2272"]
[PlyCount "79"]
[EventDate "2010.11.19"]
[EventType "team"]
[EventRounds "11"]
[EventCountry "AUT"]
[WhiteTeam "ASVOE Signum Siebdruck St.Veit"]
[BlackTeam "SK MPOE Maria Saal"]

1.c4 e6 2.Nf3 Nf6 3.g3 d5 4.Bg2 Be7 5.b3 c5 6.O-O O-O 7.Bb2 b6 8.e3 Bb7 9.d3 Nc6
10.Qe2 dxc4 11.bxc4 Qc7 12.Nc3 a6 13.Rab1 Rab8 14.Ng5 Rfd8 15.Rbd1 h6 16.Nge4
Na5 17.f4 Bc6 18.f5 e5 19.Nd5 Bxd5 20.Nxf6+ Bxf6 21.Bxd5 Nc6 22.Bc3 b5 23.Bxc6
Qxc6 24.Qg2 Qd6 25.Qe4 b4 26.Bb2 a5 27.g4 Re8 28.Rf2 a4 29.a3 bxa3 30.Bxa3 Rb3
31.Ra2 Rd8 32.Kf2 Qb6 33.Rdd2 Qa5 34.Ke2 Bh4 35.Bb2 Rbxd3 36.Qxd3 Rxd3 37.Kxd3
Qb4 38.Bxe5 Qb3+ 39.Ke4 Qxc4+ 40.Kf3

[Event "1. Bundesliga 2010/2011"]
[Site "St. Veit/Glan"]
[Date "2011.03.03"]
[Round "8"]
[Board "6"]
[White "Horvath, Gabor"]
[Black "Dietmayer-Kraeutler, Marco"]
[Result "1/2-1/2"]
[WhiteElo "2306"]
[BlackElo "2251"]
[PlyCount "90"]
[EventDate "2010.11.19"]
[EventType "team"]
[EventRounds "11"]
[EventCountry "AUT"]
[WhiteTeam "SK MPOE Maria Saal"]
[BlackTeam "ASVOE Signum Siebdruck St.Veit"]

1.e4 e5 2.Nf3 Nc6 3.Bc4 Bc5 4.c3 Nf6 5.d3 d6 6.Nbd2 a6 7.Bb3 O-O 8.O-O b5 9.Re1
Bb6 10.Nf1 Ne7 11.d4 Ng6 12.Ng3 Bg4 13.Be3 Nh4 14.Bg5 Ng6 15.h3 Bxf3 16.Qxf3
exd4 17.Nh5 Ne5 18.Qf5 Ned7 19.Bd5 Rb8 20.Bc6 h6 21.Bh4 Qc8 22.Bxd7 Nxd7 23.Qg4
g6 24.Qxd7 gxh5 25.Qe7 dxc3 26.bxc3 Qe6 27.Rad1 Rbe8 28.Qxe6 fxe6 29.e5 d5
30.Bf6 c6 31.Rd3 Rf7 32.g4 hxg4 33.hxg4 Bd8 34.Bxd8 Rxd8 35.Kg2 Rf4 36.Rg3 Rdf8
37.f3 Kg7 38.Rh1 Rc4 39.g5 h5 40.Rxh5 Rf5 41.Rgh3 Kg6 42.Rh6+ Kg7 43.Rh7+ Kg6
44.R7h6+ Kg7 45.Rh7+ Kg6

[Event "1. Bundesliga 2010/2011"]
[Site "St. Veit/Glan"]
[Date "2011.03.03"]
[Round "8"]
[Board "1"]
[White "Baramidze, David"]
[Black "Ruck, Robert"]
[Result "1-0"]
[WhiteElo "2554"]
[BlackElo "2554"]
[PlyCount "65"]
[EventDate "2010.11.19"]
[EventType "team"]
[EventRounds "11"]
[EventCountry "AUT"]
[WhiteTeam "SK Hohenems"]
[BlackTeam "Styria Graz"]

1.Nf3 g6 2.e4 Bg7 3.d4 d6 4.c3 Nf6 5.Bd3 O-O 6.O-O Nbd7 7.Re1 e5 8.Nbd2 Re8 9.h3
Nh5 10.Nc4 Nb6 11.Bg5 Qd7 12.Qd2 c6 13.Rad1 Qc7 14.dxe5 dxe5 15.Bf1 Nxc4 16.Bxc4
Nf6 17.Qd6 Qxd6 18.Rxd6 Nd7 19.Be3 Bf8 20.Rd2 b5 21.Bb3 Nc5 22.Bxc5 Bxc5 23.Red1
Kf8 24.Ng5 f6 25.Nf7 Be7 26.Nd8 Bxd8 27.Rxd8 Rxd8 28.Rxd8+ Ke7 29.Rh8 h5 30.Rh7+
Kd8 31.Bf7 g5 32.Bxh5 a5 33.Bg4

[Event "1. Bundesliga 2010/2011"]
[Site "St. Veit/Glan"]
[Date "2011.03.03"]
[Round "8"]
[Board "2"]
[White "Nanu, Ciprian Costica"]
[Black "Braun, Arik"]
[Result "1/2-1/2"]
[WhiteElo "2515"]
[BlackElo "2542"]
[PlyCount "120"]
[EventDate "2010.11.19"]
[EventType "team"]
[EventRounds "11"]
[EventCountry "AUT"]
[WhiteTeam "Styria Graz"]
[BlackTeam "SK Hohenems"]

1.c4 c6 2.Nf3 d5 3.e3 Nf6 4.Nc3 a6 5.b3 Bg4 6.Be2 e6 7.O-O Nbd7 8.Bb2 Be7 9.cxd5
cxd5 10.h3 Bh5 11.Nd4 Bxe2 12.Qxe2 O-O 13.d3 Rc8 14.Rfc1 b5 15.Rc2 Qb6 16.Rac1
Qb7 17.Nd1 Bc5 18.Qd2 Rfe8 19.b4 Bf8 20.a3 Nb6 21.Nb3 Nfd7 22.Nc5 Nxc5 23.bxc5
Na4 24.d4 Qc6 25.Ba1 Be7 26.Nb2 Nxb2 27.Bxb2 Bd8 28.Bc3 Bc7 29.a4 bxa4 30.Ra2 e5
31.Qd1 exd4 32.Bxd4 Rb8 33.Qxa4 Re6 34.Qxc6 Rxc6 35.Kf1 f6 36.Raa1 Kf7 37.Ke2
Ke6 38.Kd3 a5 39.Rcb1 Rxb1 40.Rxb1 Ra6 41.Kc3 Kd7 42.Kb3 Kc6 43.Ka4 Ra8 44.g4
Re8 45.h4 g6 46.Rh1 Rb8 47.g5 Rb4+ 48.Ka3 Be5 49.Rd1 Bxd4 50.exd4 f5 51.f4 Rc4
52.Kb2 Kb5 53.Rc1 a4 54.Rxc4 dxc4 55.Kc2 Kc6 56.Kc3 a3 57.Kc2 Kd5 58.Kc3 Kc6
59.Kc2 Kd5 60.Kc3 Kc6

[Event "1. Bundesliga 2010/2011"]
[Site "St. Veit/Glan"]
[Date "2011.03.03"]
[Round "8"]
[Board "3"]
[White "Bezold, Michael"]
[Black "Moser, Eva"]
[Result "1/2-1/2"]
[WhiteElo "2525"]
[BlackElo "2425"]
[PlyCount "65"]
[EventDate "2010.11.19"]
[EventType "team"]
[EventRounds "11"]
[EventCountry "AUT"]
[WhiteTeam "SK Hohenems"]
[BlackTeam "Styria Graz"]

1.c4 e5 2.g3 Nf6 3.Bg2 h6 4.Nc3 Bb4 5.Qb3 a5 6.a3 Bc5 7.Na4 Ba7 8.e3 Nc6 9.Ne2
O-O 10.Nec3 d6 11.O-O Rb8 12.Nb5 Be6 13.Nac3 Bb6 14.d3 Ne7 15.d4 exd4 16.Nxd4
Bd7 17.h3 Nf5 18.Nde2 Qe8 19.Nf4 Bc6 20.Nfd5 Nd7 21.Qc2 Ne7 22.b4 Ng6 23.Bb2
Nge5 24.Ne2 Bxd5 25.Bxd5 Ba7 26.Qc3 Nb6 27.Qc2 Nxd5 28.cxd5 Qd7 29.Kg2 axb4
30.axb4 Bb6 31.Bd4 Qb5 32.Nc3 Qc4 33.Rfd1

[Event "1. Bundesliga 2010/2011"]
[Site "St. Veit/Glan"]
[Date "2011.03.03"]
[Round "8"]
[Board "4"]
[White "Danner, Georg"]
[Black "Atlas, Valery"]
[Result "1/2-1/2"]
[WhiteElo "2428"]
[BlackElo "2428"]
[PlyCount "150"]
[EventDate "2010.11.19"]
[EventType "team"]
[EventRounds "11"]
[EventCountry "AUT"]
[WhiteTeam "Styria Graz"]
[BlackTeam "SK Hohenems"]

1.d4 Nf6 2.Nf3 e6 3.e3 b6 4.c4 Bb7 5.Bd3 d5 6.O-O Nbd7 7.cxd5 exd5 8.Nc3 Bd6
9.Nb5 Be7 10.Qc2 c5 11.b3 O-O 12.Bb2 a6 13.Nc3 Rc8 14.dxc5 Nxc5 15.Bf5 Rc7
16.Rac1 g6 17.Bh3 Bd6 18.Rfd1 Qe7 19.Qb1 Nce4 20.Ne2 Re8 21.Rxc7 Bxc7 22.Bd4 h5
23.g3 Ng4 24.Bxg4 hxg4 25.Nh4 b5 26.Qd3 b4 27.Bb2 Be5 28.Bxe5 Qxe5 29.Qd4 Nc3
30.Qxe5 Nxe2+ 31.Kf1 Rxe5 32.Kxe2 g5 33.Ng2 d4 34.Ne1 dxe3 35.fxe3 a5 36.Rd4 Be4
37.Nd3 Re6 38.Nf2 Bf3+ 39.Kd3 f5 40.e4 fxe4+ 41.Nxe4 Rh6 42.Rd5 Rxh2 43.Rxg5+
Kf8 44.Rxa5 Rg2 45.Ra4 Ke7 46.Rxb4 Rxa2 47.Ke3 Rb2 48.Kf4 Bd1 49.Rb7+ Kd8 50.b4
Bf3 51.Rb5 Kc7 52.Rc5+ Kb6 53.Rc4 Kb5 54.Nd6+ Kb6 55.Rd4 Kc7 56.Ne4 Kc6 57.Nf6
Kb5 58.Nxg4 Bb7 59.Ne3 Rxb4 60.Rxb4+ Kxb4 61.g4 Kc5 62.Ke5 Ba6 63.g5 Bd3 64.Nf5
Kc6 65.g6 Kd7 66.Kf6 Bc4 67.g7 Ba2 68.Nd4 Bg8 69.Nf3 Ba2 70.Ng5 Bg8 71.Nf7 Ke8
72.Nh6 Ba2 73.Nf5 Kd7 74.Kg6 Ke8 75.Kf6 Kd7

[Event "1. Bundesliga 2010/2011"]
[Site "St. Veit/Glan"]
[Date "2011.03.03"]
[Round "8"]
[Board "5"]
[White "Froewis, Georg"]
[Black "Wittmann, Walter"]
[Result "0-1"]
[WhiteElo "2284"]
[BlackElo "2291"]
[PlyCount "80"]
[EventDate "2010.11.19"]
[EventType "team"]
[EventRounds "11"]
[EventCountry "AUT"]
[WhiteTeam "SK Hohenems"]
[BlackTeam "Styria Graz"]

1.d4 d5 2.c4 e6 3.Nf3 Nf6 4.e3 c5 5.Nc3 Nc6 6.cxd5 Nxd5 7.Bd3 Be7 8.O-O O-O 9.a3
Nxc3 10.bxc3 b6 11.Qa4 Bd7 12.Qc2 h6 13.e4 cxd4 14.cxd4 Rc8 15.Qe2 Na5 16.Rb1
Bc6 17.Bb2 Bb7 18.Ne5 Nc6 19.Nf3 Na5 20.Rbd1 Bd6 21.Bc1 Qe7 22.a4 Rfd8 23.Bb1
Qc7 24.e5 Bf8 25.Qd3 g6 26.Nh4 Qc3 27.Qe2 Rxd4 28.Bb2 Qc4 29.Bd3 Rxd3 30.Qxd3
Qxh4 31.Bd4 Nc6 32.Qe3 Nb4 33.Bb2 Nd5 34.Qg3 Qxg3 35.hxg3 Rc2 36.Bd4 Rc4 37.a5
bxa5 38.Bxa7 Bb4 39.Rc1 Nc3 40.Rfd1 Ne2+

[Event "1. Bundesliga 2010/2011"]
[Site "St. Veit/Glan"]
[Date "2011.03.03"]
[Round "8"]
[Board "1"]
[White "Kurnosov, Igor"]
[Black "Varga, Zoltan"]
[Result "0-1"]
[WhiteElo "2653"]
[BlackElo "2437"]
[PlyCount "104"]
[EventDate "2010.11.19"]
[EventType "team"]
[EventRounds "11"]
[EventCountry "AUT"]
[WhiteTeam "SK Sparkasse Fuerstenfeld"]
[BlackTeam "ASVOE SK Lackenbach"]

1.d4 d5 2.c4 c6 3.Nf3 Nf6 4.e3 g6 5.Nc3 Bg7 6.Be2 O-O 7.O-O Bg4 8.cxd5 cxd5
9.Qb3 b6 10.h3 Bxf3 11.Bxf3 e6 12.Bd2 Nc6 13.Qa4 Na5 14.b3 a6 15.Ne2 Nb7 16.Rfc1
Re8 17.Nf4 Bf8 18.Bb4 Nd6 19.Nd3 a5 20.Bxd6 Bxd6 21.Rc6 Re7 22.Qb5 Rb8 23.Rac1
Rc7 24.Rxc7 Bxc7 25.a4 Bd6 26.g3 Kg7 27.Kg2 Ne8 28.Be2 Ba3 29.Ra1 Nd6 30.Qa6 Ra8
31.Qxa8 Qxa8 32.Rxa3 Qc6 33.Ra2 Qc3 34.Rb2 Nc4 35.bxc4 dxc4 36.Rxb6 cxd3 37.Bf3
Qc2 38.d5 d2 39.dxe6 d1=Q 40.Bxd1 Qxd1 41.e7 Qxa4 42.Ra6 Qe4+ 43.Kh2 a4 44.Ra7
g5 45.Rd7 Qe6 46.Ra7 Qc6 47.f4 gxf4 48.exf4 Qe8 49.g4 f6 50.Kg3 Kf7 51.Kh4 Qb5
52.f5 Qb3

[Event "1. Bundesliga 2010/2011"]
[Site "St. Veit/Glan"]
[Date "2011.03.03"]
[Round "8"]
[Board "2"]
[White "Bokros, Albert"]
[Black "Hera, Imre"]
[Result "1/2-1/2"]
[WhiteElo "2498"]
[BlackElo "2565"]
[PlyCount "41"]
[EventDate "2010.11.19"]
[EventType "team"]
[EventRounds "11"]
[EventCountry "AUT"]
[WhiteTeam "ASVOE SK Lackenbach"]
[BlackTeam "SK Sparkasse Fuerstenfeld"]

1.e4 c6 2.d4 d5 3.Nc3 dxe4 4.Nxe4 Bf5 5.Ng3 Bg6 6.Nh3 Nf6 7.Nf4 e5 8.Nxg6 hxg6
9.dxe5 Qa5+ 10.Bd2 Qxe5+ 11.Qe2 Nbd7 12.Qxe5+ Nxe5 13.Be2 O-O-O 14.Rd1 Bc5
15.O-O Rhe8 16.h3 Rd4 17.Bc3 Rf4 18.Bd2 Rd4 19.Bc3 Rf4 20.Bd2 Rd4 21.Bc3

[Event "1. Bundesliga 2010/2011"]
[Site "St. Veit/Glan"]
[Date "2011.03.03"]
[Round "8"]
[Board "3"]
[White "Rapport, Richard"]
[Black "Hagara, Eduard"]
[Result "1-0"]
[WhiteElo "2540"]
[BlackElo "2407"]
[PlyCount "83"]
[EventDate "2010.11.19"]
[EventType "team"]
[EventRounds "11"]
[EventCountry "AUT"]
[WhiteTeam "SK Sparkasse Fuerstenfeld"]
[BlackTeam "ASVOE SK Lackenbach"]

1.Nf3 Nf6 2.g3 g6 3.c4 Bg7 4.Nc3 d5 5.cxd5 Nxd5 6.Bg2 Nxc3 7.bxc3 O-O 8.O-O Nc6
9.d4 e5 10.e3 Re8 11.Nd2 Ne7 12.Nb3 Rb8 13.e4 b6 14.Be3 Bb7 15.Qc2 Nc8 16.Rad1
Qe7 17.Rfe1 Nd6 18.dxe5 Bxe5 19.f4 Bg7 20.e5 Nf5 21.Bxb7 Rxb7 22.Bf2 c5 23.g4
Nh6 24.h3 g5 25.Nd2 gxf4 26.Nf3 Qe6 27.Rd6 Qc8 28.Ng5 Nxg4 29.Qxh7+ Kf8 30.hxg4
Qxg4+ 31.Kh2 Qxg5 32.Bh4 Qg4 33.Rg1 Qe2+ 34.Rg2 Qxe5 35.Rd5 Qxc3 36.Rdg5 f5
37.Rxf5+ Rf7 38.Qg6 Rxf5 39.Qxf5+ Kg8 40.Bf6 Qg3+ 41.Rxg3 fxg3+ 42.Kxg3

[Event "1. Bundesliga 2010/2011"]
[Site "St. Veit/Glan"]
[Date "2011.03.03"]
[Round "8"]
[Board "4"]
[White "Vass, Frantisek"]
[Black "Schenk, Andreas"]
[Result "0-1"]
[WhiteElo "2317"]
[BlackElo "2511"]
[PlyCount "55"]
[EventDate "2010.11.19"]
[EventType "team"]
[EventRounds "11"]
[EventCountry "AUT"]
[WhiteTeam "ASVOE SK Lackenbach"]
[BlackTeam "SK Sparkasse Fuerstenfeld"]

1.d4 d5 2.Nf3 Nf6 3.Bg5 Ne4 4.h4 h6 5.Bc1 c5 6.e3 Nc6 7.c3 e6 8.Nbd2 Be7 9.Bd3
f5 10.h5 O-O 11.Ne5 cxd4 12.Nxc6 bxc6 13.exd4 c5 14.Nxe4 fxe4 15.Be2 cxd4
16.Qxd4 Bf6 17.Qa4 Bd7 18.Qc2 Rc8 19.O-O Be5 20.g3 Qc7 21.Kg2 d4 22.Bg4 Kh8
23.Bd2 Bb5 24.Bxe6 Rce8 25.Bd5 Bxf1+ 26.Rxf1 e3 27.fxe3 Rxf1 28.exd4

[Event "1. Bundesliga 2010/2011"]
[Site "St. Veit/Glan"]
[Date "2011.03.03"]
[Round "8"]
[Board "5"]
[White "Pinter, Jozsef"]
[Black "Olle, Peter"]
[Result "1-0"]
[WhiteElo "2521"]
[BlackElo "2229"]
[PlyCount "69"]
[EventDate "2010.11.19"]
[EventType "team"]
[EventRounds "11"]
[EventCountry "AUT"]
[WhiteTeam "SK Sparkasse Fuerstenfeld"]
[BlackTeam "ASVOE SK Lackenbach"]

1.d4 f5 2.g3 Nf6 3.Bg2 g6 4.c4 Bg7 5.Nc3 O-O 6.Nf3 e6 7.O-O Nc6 8.d5 Na5 9.Qa4
c5 10.Bd2 b6 11.Rad1 Bb7 12.dxe6 Bc6 13.Qc2 dxe6 14.Nb5 Qc8 15.Nd6 Qc7 16.Bf4
Qe7 17.Nb5 Ne8 18.Bg5 Qb7 19.b3 a6 20.Nc3 Qc7 21.e4 Qb7 22.Rfe1 Rc8 23.Bf4 h6
24.h4 b5 25.Ne5 Bxe5 26.Bxe5 bxc4 27.Qd2 Kh7 28.Ne2 Qb6 29.Bc3 Nb7 30.Nf4 cxb3
31.exf5 Rxf5 32.Bxc6 Rd8 33.Qd7+ Rxd7 34.Rxd7+ Kg8 35.Rxe6

[Event "1. Bundesliga 2010/2011"]
[Site "St. Veit/Glan"]
[Date "2011.03.03"]
[Round "8"]
[Board "6"]
[White "Galavics, Hermann"]
[Black "Kuba, Guenter"]
[Result "0-1"]
[WhiteElo "2052"]
[BlackElo "2389"]
[PlyCount "80"]
[EventDate "2010.11.19"]
[EventType "team"]
[EventRounds "11"]
[EventCountry "AUT"]
[WhiteTeam "ASVOE SK Lackenbach"]
[BlackTeam "SK Sparkasse Fuerstenfeld"]

1.d4 d5 2.c4 Nc6 3.cxd5 Qxd5 4.Nf3 e5 5.Nc3 Bb4 6.Bd2 Bxc3 7.Bxc3 e4 8.Ne5 Nxe5
9.dxe5 Ne7 10.e3 Be6 11.Qa4+ Bd7 12.Qc2 O-O-O 13.Bd4 Nc6 14.Rc1 Be6 15.b3 Rd7
16.Rd1 Nxe5 17.Bxe5 Qxe5 18.Rxd7 Bxd7 19.Bc4 Rd8 20.O-O Be6 21.Be2 f5 22.Rc1 Kb8
23.g3 b6 24.Rd1 Rxd1+ 25.Qxd1 Qd5 26.Qc2 Kb7 27.Qc3 Qd7 28.Kg2 a6 29.h4 g6
30.Kg1 a5 31.Kg2 a4 32.Bc4 Bxc4 33.Qxc4 axb3 34.axb3 b5 35.Qc3 Qd3 36.Qb4 Kb6
37.Qe7 Qxb3 38.Qxh7 Qe6 39.Qg7 b4 40.Qd4+ c5